00485nam a2200205Ia 4500003000900000008004100009040001300050040001300063041000800076100001800084245006900102250001100171260002100182260000900203300001100212300001200223490002300235490000800258600001300266IT-RoPAU120407s9999 xx 000 0 und d aIT-RoPAU cIT-RoPAU aita aAlfred Lapple aLa fede ha ancora un futuro? Vers. dal ted. di Carmine Pasquale. aModena aEdizioni Paoline c1971 a132 p. c21,5 cm aBibbia e catechesi v126 a1. Fede.